| Tag |
First Indicator |
Second Indicator |
Subfields |
| LEADER |
00000cam a2200000 a 4500 |
| 001 |
in00000017313 |
| 005 |
20151007053439.0 |
| 008 |
870306s1987 nyu j 00011 eng |
| 010 |
|
|
|a 87007638
|
| 020 |
|
|
|a 0531057267
|
| 020 |
|
|
|a 0531083268 (lib. ed.)
|
| 035 |
|
|
|a (OCoLC)15365999
|
| 035 |
|
|
|9 AAB1675AM
|
| 040 |
|
|
|a DLC
|c DLC
|d TXA
|d UtOrBLW
|
| 049 |
|
|
|a [Curr Col] TXAM
|c [A11096817]
|
| 050 |
0 |
0 |
|a PZ7.G65937
|b Wai 1987
|
| 082 |
0 |
|
|a [Fic]
|2 19
|
| 100 |
1 |
|
|a Gordon, Sheila.
|
| 245 |
1 |
0 |
|a Waiting for the rain :
|b a novel of South Africa /
|c Sheila Gordon.
|
| 264 |
|
1 |
|a New York :
|b Orchard Books,
|c [1987]
|
| 264 |
|
4 |
|c ©1987
|
| 300 |
|
|
|a 214 pages ;
|c 22 cm.
|
| 336 |
|
|
|a text
|b txt
|2 rdacontent
|
| 337 |
|
|
|a unmediated
|b n
|2 rdamedia
|
| 338 |
|
|
|a volume
|b nc
|2 rdacarrier
|
| 500 |
|
|
|a "A Richard Jackson book."
|
| 520 |
|
|
|a Chronicles nine years in the lives of two South African youths-- one black, one white--as their friendship ends in a violent confrontation between student and soldier.
|
| 586 |
|
|
|a Jane Addams Children's Book Award, 1988
|
| 651 |
|
1 |
|a South Africa
|x Race relations
|x Fiction.
|
| 650 |
|
1 |
|a Race relations
|x Fiction.
|
| 650 |
|
1 |
|a Friendship
|x Fiction.
|
| 999 |
|
|
|a MARS
|
| 999 |
f |
f |
|s a7a7070f-3a0d-3279-8a2a-462f3ce61e9e
|i 1db1c8cb-dda5-3da1-ae94-17a4c7337c59
|t 0
|
| 952 |
f |
f |
|p normal
|a Texas A&M University
|b College Station
|c Sterling C. Evans Library
|d Evans: Curriculum Collection (4th floor)
|t 0
|e PZ7.G65937 Wai 1987
|h Library of Congress classification
|i unmediated -- volume
|m A14811096817
|
| 998 |
f |
f |
|a PZ7.G65937 Wai 1987
|t 0
|l Evans: Curriculum Collection (4th floor)
|